[Event "BRA-ch Amateur"]
[Site "Sao Paulo"]
[Date "2013.02.12"]
[Round "7"]
[White "Caceres, Elton Carlos"]
[Black "Brandao, Renan Alves"]
[Result "0-1"]
[WhiteElo "1826"]
[BlackElo "2059"]
[PlyCount "44"]
[EventDate "2013.02.09"]
[EventType "swiss"]
[EventRounds "7"]
[EventCountry "BRA"]
[SourceTitle "CBM 152 Extra"]
[Source "ChessBase"]
[SourceDate "2013.02.25"]
[SourceVersion "1"]
[SourceVersionDate "2013.02.25"]
[SourceQuality "1"]

1. e4 c5 2. g3 Nc6 3. Bg2 g6 4. c3 Bg7 5. Ne2 e5 6. 0-0 Nge7 7. Na3 d5 8. Nc2 dxe4 9. Bxe4 Bf5 10. d3 Bh3 11. Re1 0-0 12. Bg5 f6 13. Be3 f5 14. Bg2 Bxg2 15. Kxg2 f4 16. gxf4 Nf5 17. f3 exf4 18. Bxf4 Qd5 19. Bg3 Ne5 20. Nf4 Nh4+ 21. Kh3 Qd7+ 22. Kxh4 Bf6# 0-1